000 00692nam a2200289Ia 4500
005 20260324124150.0
008 008 260324s9999 xx 000 0 eng d
020 _a9781315417097
037 _aEBOOK
040 _aCRL
040 _beng
040 _cCRL
041 _2eng
041 _aeng
084 _qCRL
100 _aLoretta A Cormier
_91173100
245 4 _aThe Ten-Thousand Year Fever
245 0 _bRethinking Human and Wild-Primate Malarias
260 _bTaylor and Francis
260 _c2011
365 _a
365 _b240
856 _uhttp://www.taylorfrancis.com/books/9781315417097
942 _cEBOOK
999 _c1767261
_d1767261